Normal view MARC view

Entry Personal Name

Number of records used in: 8

001 - CONTROL NUMBER

  • control field: 8206

003 - CONTROL NUMBER IDENTIFIER

  • control field: MY-SjTCS

005 - DATE AND TIME OF LATEST TRANSACTION

  • control field: 20191205121910.0

008 - FIXED-LENGTH DATA ELEMENTS

  • fixed length control field: 080312 n a|n||aab| n a|a d

039 #9 -

  • : 200803121522
  • : Irma
  • : 200803121522
  • : Irma

040 ## - CATALOGING SOURCE

  • Original cataloging agency: MY-SjTCS
  • Transcribing agency: MY-SjTCS

100 1# - HEADING--PERSONAL NAME

  • Personal name: Cunningham, William P.

999 ## -

  • : VIRTUA40 x